Complete the Movie Title (1956) - Statistics

General Stats
  • This quiz has been taken 72 times
  • The average score is 18 of 25
Answer Stats
Hint Answer % Correct
The Ten _____ Commandments
98%
_____ and Peace War
98%
Around the _____ in 80 Days World
98%
_____ Stop Bus
93%
The Man in the Gray Flannel _____ Suit
93%
There’s Always _____ Tomorrow
91%
_____ of the Body Snatchers Invasion
89%
High _____ Society
88%
The _____ and I King
86%
_____ Around the Clock Rock
84%
Autumn _____ Leaves
82%
The _____ Who Never Was Man
82%
_____ for Life Lust
81%
The _____ Walks Among Us Creature
75%
The _____ Can’t Help It Girl
75%
Naked _____ Gun
65%
The Bad _____ Seed
61%
Friendly _____ Persuasion
60%
Forbidden _____ Planet
60%
Written on the _____ Wind
60%
The Solid Gold _____ Cadillac
58%
Tea and _____ Sympathy
47%
_____ Women Swamp
39%
The _____ People Mole
32%
The _____ of the August Moon Teahouse
30%
No matching quizzes found
Score Distribution
Percent of People with Each Score
Percentile by Number Answered
Your Score History
You have not taken this quiz